[Event "GRE-chT 50th"]
[Site "Nikaia"]
[Date "2023.08.29"]
[Round "6.6"]
[White "Ergazaki, Eirini"]
[Black "Apostolakaki, Evangelia"]
[Result "0-1"]
[WhiteElo "1603"]
[BlackElo "1681"]
[PlyCount "128"]
[EventDate "2023.08.25"]
[EventType "team"]
[EventRounds "9"]
[EventCountry "GRE"]
[SourceTitle "EXT 2024"]
[Source "ChessBase"]
[SourceDate "2023.10.10"]
[SourceVersion "1"]
[SourceVersionDate "2023.10.10"]
[SourceQuality "1"]
[WhiteTeam "Piraikos"]
[BlackTeam "Kavalas"]
[WhiteTeamCountry "GRE"]
[BlackTeamCountry "GRE"]

1. e4 e5 2. Nc3 Nc6 3. g3 h5 4. h3 Bc5 5. Bg2 d6 6. Nge2 Be6 7. d3 Qd7 8. f4 g6 9. Nd5 0-0-0 10. Nec3 f6 11. Bd2 a6 12. Ne3 h4 13. fxe5 hxg3 14. Qf3 dxe5 15. Qxg3 f5 16. Ned5 f4 17. Qh2 g5 18. 0-0-0 g4 19. Bxf4 exf4 20. Qxf4 Rf8 21. Qg5 gxh3 22. Bf1 Bd4 23. Ne2 Bf6 24. Nxf6 Nxf6 25. Nf4 Bg4 26. Rd2 Rhg8 27. Qh6 Rh8 28. Qg5 Qf7 29. e5 Qxa2 30. c3 Rhg8 31. Ng6 Qf7 32. Qxf6 Qxf6 33. exf6 Rxg6 34. Bxh3 Bxh3 35. Rxh3 Rgxf6 36. d4 Na5 37. Kc2 Rf2 38. Rh2 Rxd2+ 39. Rxd2 Nc4 40. Re2 Kd7 41. b3 Nd6 42. c4 Re8 43. Rh2 b5 44. Kd3 Rg8 45. Rh3 Rg4 46. Kc3 Nf5 47. Rd3 Rg3 48. Rxg3 Nxg3 49. cxb5 axb5 50. Kb4 c6 51. d5 cxd5 52. Kc5 Ke6 53. Kxb5 Ke5 54. b4 Ne4 55. Ka4 d4 56. Kb3 d3 57. b5 Kd5 58. b6 Kc6 59. Kb2 Kxb6 60. Kc1 Kc5 61. Kd1 Kd4 62. Ke1 Ke3 63. Kd1 Nc3+ 64. Kc1 d2+ 0-1

[Event "GRE-chT 49th"]
[Site "Thessaloniki"]
[Date "2022.08.14"]
[Round "4.4"]
[White "Ergazaki, Eirini"]
[Black "Bania, Eleni"]
[Result "1-0"]
[WhiteElo "1654"]
[BlackElo "1617"]
[PlyCount "45"]
[EventDate "2022.08.12"]
[EventType "team-swiss"]
[EventRounds "7"]
[EventCountry "GRE"]
[SourceTitle "CBM 209 Extra"]
[Source "ChessBase"]
[SourceDate "2022.09.30"]
[SourceVersion "1"]
[SourceVersionDate "2022.09.30"]
[SourceQuality "1"]
[WhiteTeam "OFI"]
[BlackTeam "Ames Neas Erythreas"]
[WhiteTeamCountry "GRE"]
[BlackTeamCountry "GRE"]

1. e4 e5 2. Nf3 Nc6 3. d4 exd4 4. Nxd4 Bc5 5. Nb3 Bb6 6. Nc3 d6 7. Bf4 Nge7 8. Qd2 0-0 9. 0-0-0 f5 10. Bc4+ Kh8 11. h4 Na5 12. Nxa5 Bxa5 13. h5 Nc6 14. h6 g6 15. e5 d5 16. Bxd5 Bb4 17. Qe3 Qe7 18. e6 Bc5 19. Qg3 a6 20. Rhe1 a5 21. Bxc6 bxc6 22. Bg5 Bxf2 23. Qe5+ 1-0

[Event "GRE-chT Online Rapid (Women) 1st"]
[Site "Tornelo INT"]
[Date "2021.02.21"]
[Round "6.6"]
[White "Ergazaki, Eirini"]
[Black "Sarafoglou, Maria"]
[Result "1-0"]
[WhiteElo "1577"]
[BlackElo "1339"]
[PlyCount "47"]
[EventDate "2021.02.20"]
[EventType "team-swiss (rapid)"]
[EventRounds "9"]
[EventCountry "GRE"]
[SourceTitle "EXT 2023"]
[Source "ChessBase"]
[SourceDate "2022.10.05"]
[SourceVersion "1"]
[SourceVersionDate "2022.10.05"]
[SourceQuality "1"]

1. e4 c5 2. Nf3 Nc6 3. d4 cxd4 4. Nxd4 g6 5. Nc3 Bg7 6. Be3 d6 7. Qd2 Nf6 8. f3 Bd7 9. 0-0-0 a6 10. g4 Nxd4 11. Bxd4 0-0 12. h4 Be6 13. Kb1 b5 14. h5 b4 15. Ne2 Qa5 16. b3 Rfc8 17. Nf4 Bd7 18. Bxf6 Bxf6 19. Nd5 Bg7 20. Nxe7+ Kf8 21. Nxc8 Qa3 22. Qxd6+ Kg8 23. Ne7+ Kh8 24. e5 1-0

[Event "GRE-ch Online Blitz (Women) 1st"]
[Site "Tornelo INT"]
[Date "2021.02.07"]
[Round "9"]
[White "Angelakopoulou, Ioanna"]
[Black "Ergazaki, Eirini"]
[Result "0-1"]
[WhiteElo "1252"]
[BlackElo "1148"]
[PlyCount "70"]
[EventDate "2021.02.07"]
[EventType "swiss (blitz)"]
[EventRounds "16"]
[EventCountry "GRE"]
[SourceTitle "EXT 2023"]
[Source "ChessBase"]
[SourceDate "2022.10.05"]
[SourceVersion "1"]
[SourceVersionDate "2022.10.05"]
[SourceQuality "1"]

1. d4 d5 2. c4 e6 3. Nc3 Nf6 4. Bg5 Be7 5. Nf3 Nbd7 6. e3 0-0 7. Bd3 a6 8. 0-0 dxc4 9. Bxc4 b5 10. Bb3 Bb7 11. Bc2 h6 12. Bh4 c5 13. Re1 Rc8 14. Rc1 Nd5 15. Bxe7 Qxe7 16. Nxd5 Bxd5 17. Qd3 Nf6 18. a3 Rfd8 19. Qd2 Bxf3 20. gxf3 cxd4 21. exd4 Rc4 22. Qa5 Qd6 23. Bb3 Rxd4 24. Rcd1 Ra8 25. Qc3 Rxd1 26. Rxd1 Qf4 27. Qe3 Qf5 28. Kh1 Rc8 29. Rg1 Kh8 30. Bd1 Nd5 31. Qa7 Rc7 32. Qxa6 Nf4 33. Qa8+ Kh7 34. Bb3 Nh3 35. Rg2 Rc1+ 0-1

[Event "GRE-ch Online Blitz (Women) 1st"]
[Site "Tornelo INT"]
[Date "2021.02.07"]
[Round "6"]
[White "Kalamoukou, Giolanta"]
[Black "Ergazaki, Eirini"]
[Result "0-1"]
[WhiteElo "1150"]
[BlackElo "1148"]
[PlyCount "54"]
[EventDate "2021.02.07"]
[EventType "swiss (blitz)"]
[EventRounds "16"]
[EventCountry "GRE"]
[SourceTitle "EXT 2023"]
[Source "ChessBase"]
[SourceDate "2022.10.05"]
[SourceVersion "1"]
[SourceVersionDate "2022.10.05"]
[SourceQuality "1"]

1. d4 d5 2. c4 e6 3. Nc3 Nf6 4. cxd5 exd5 5. Bg5 Be7 6. e3 Bf5 7. Qb3 b6 8. Bxf6 Bxf6 9. Qxd5 Bd7 10. Qxa8 a5 11. Qf3 0-0 12. Bd3 Bc6 13. Be4 Bd7 14. Nge2 Be7 15. 0-0 f5 16. Bd5+ Kh8 17. Nf4 Bd6 18. Ne6 Bxe6 19. Bxe6 f4 20. Qe2 f3 21. gxf3 Qh4 22. f4 Rf6 23. Bd5 Rh6 24. f3 g5 25. Ne4 gxf4 26. Nxd6 fxe3 27. Nf5 Qg5+ 0-1

[Event "GRE-ch Online Rapid (Women) 1st"]
[Site "Tornelo INT"]
[Date "2021.02.06"]
[Round "4"]
[White "Ergazaki, Eirini"]
[Black "Nyktari, Anna Maria"]
[Result "0-1"]
[WhiteElo "1238"]
[BlackElo "1103"]
[PlyCount "22"]
[EventDate "2021.02.06"]
[EventType "swiss (rapid)"]
[EventRounds "8"]
[EventCountry "GRE"]
[SourceTitle "EXT 2023"]
[Source "ChessBase"]
[SourceDate "2022.10.05"]
[SourceVersion "1"]
[SourceVersionDate "2022.10.05"]
[SourceQuality "1"]

1. e4 c5 2. Nf3 e6 3. d4 cxd4 4. Nxd4 Nc6 5. c4 Nf6 6. Nc3 Qc7 7. Be2 Bb4 8. f3 0-0 9. 0-0 Nxd4 10. Qxd4 Bc5 11. Be3 Bxd4 0-1

[Event "GRE-ch Online Rapid (Women) 1st"]
[Site "Tornelo INT"]
[Date "2021.02.06"]
[Round "5"]
[White "Kolovou, Christina"]
[Black "Ergazaki, Eirini"]
[Result "0-1"]
[WhiteElo "1076"]
[BlackElo "1238"]
[PlyCount "60"]
[EventDate "2021.02.06"]
[EventType "swiss (rapid)"]
[EventRounds "8"]
[EventCountry "GRE"]
[SourceTitle "EXT 2023"]
[Source "ChessBase"]
[SourceDate "2022.10.05"]
[SourceVersion "1"]
[SourceVersionDate "2022.10.05"]
[SourceQuality "1"]

1. e4 c5 2. Nf3 e6 3. d4 cxd4 4. Nxd4 a6 5. Nc3 Qc7 6. Be3 Nf6 7. Bd3 b5 8. a3 Bb7 9. 0-0 Be7 10. b4 Qxc3 11. f3 Qc7 12. Rc1 d5 13. Qe2 0-0 14. Bf2 Qd7 15. Bh4 dxe4 16. fxe4 Qxd4+ 17. Kh1 Nc6 18. c3 Qd8 19. Be1 Ne5 20. Bc2 Qc7 21. Bd2 Qc4 22. Qe3 Nxe4 23. Rf4 Bg5 24. Rxe4 Bxe3 25. Rxc4 Bxd2 26. Rc7 Bxg2+ 27. Kxg2 Bxc1 28. Rc5 Nc4 29. Bb3 Rac8 30. Rg5 Bxg5 0-1

[Event "EU-ch Online U18 Girls"]
[Site "Tornelo INT"]
[Date "2020.09.19"]
[Round "5"]
[White "Ergazaki, Eirini"]
[Black "Bucur, Denisa Andreea"]
[Result "0-1"]
[WhiteElo "1577"]
[BlackElo "2063"]
[PlyCount "140"]
[EventDate "2020.09.18"]
[EventType "swiss (rapid)"]
[EventRounds "9"]
[EventCountry "ENG"]
[SourceTitle "CBM 198 Extra"]
[Source "ChessBase"]
[SourceDate "2020.11.30"]
[SourceVersion "1"]
[SourceVersionDate "2020.11.30"]
[SourceQuality "1"]

1. e4 c5 2. Nf3 e6 3. d4 cxd4 4. Nxd4 a6 5. c4 Nf6 6. Nc3 Bb4 7. f3 0-0 8. Be2 Qc7 9. 0-0 Nc6 10. Be3 Re8 11. Qb3 Bc5 12. Nc2 Bxe3+ 13. Nxe3 Nd4 14. Qd1 Qb6 15. Na4 Nxe2+ 16. Qxe2 Qc6 17. b3 b5 18. cxb5 axb5 19. Rfc1 Qb7 20. Nc3 Rb8 21. e5 Nd5 22. Ne4 Qb6 23. Nc5 d6 24. exd6 Qxd6 25. Nxd5 Qxd5 26. Qe4 Qd6 27. Rc2 e5 28. Rac1 g6 29. Qe2 Bf5 30. Rd2 Qb6 31. g4 Bc8 32. Kg2 b4 33. Qd3 Be6 34. Nxe6 Rxe6 35. Qd7 e4 36. fxe4 Rxe4 37. Rc8+ Rxc8 38. Qxc8+ Kg7 39. Qd7 Qf6 40. Rf2 Rf4 41. Rxf4 Qxf4 42. h3 Qe4+ 43. Kf2 Qc2+ 44. Ke3 Qc3+ 45. Qd3 Qe5+ 46. Kd2 Qb2+ 47. Ke3 Qe5+ 48. Kd2 Qh2+ 49. Kc1 Qg1+ 50. Kd2 Qf2+ 51. Qe2 Qf4+ 52. Kd3 Qg3+ 53. Qe3 Qxe3+ 54. Kxe3 f5 55. gxf5 gxf5 56. Kf4 Kf6 57. h4 h6 58. h5 Ke6 59. Kf3 Ke5 60. Ke3 f4+ 61. Kf3 Kf5 62. Kf2 Kg4 63. Kg2 Kxh5 64. Kf3 Kg5 65. Kg2 Kg4 66. Kf2 f3 67. Kf1 h5 68. Kf2 h4 69. Kg1 h3 70. Kh2 f2 0-1

[Event "GRE-ch U18 Girls 22nd"]
[Site "Rethymno"]
[Date "2020.01.08"]
[Round "9"]
[White "Apostolakaki, Evangelia"]
[Black "Ergazaki, Eirini"]
[Result "1/2-1/2"]
[WhiteElo "1595"]
[BlackElo "1464"]
[PlyCount "66"]
[EventDate "2020.01.02"]
[EventType "swiss"]
[EventRounds "9"]
[EventCountry "GRE"]
[SourceTitle "EXT 2021"]
[Source "ChessBase"]
[SourceDate "2020.10.23"]
[SourceVersion "1"]
[SourceVersionDate "2020.10.23"]
[SourceQuality "1"]

1. d4 d5 2. Nf3 Nf6 3. g3 e6 4. Bg2 b6 5. c4 Bb7 6. 0-0 Nbd7 7. Qc2 c5 8. Rd1 dxc4 9. dxc5 Bxc5 10. Ne5 Bxg2 11. Kxg2 Qc7 12. Nxc4 Rc8 13. Qd3 0-0 14. b3 Ne5 15. Qc2 Nxc4 16. bxc4 Ng4 17. f3 Ne3+ 18. Bxe3 Bxe3 19. Na3 Bg5 20. Qb3 Be7 21. Rac1 Rfd8 22. Rd3 Rxd3 23. Qxd3 Rd8 24. Qc3 Bxa3 25. Qxa3 Rd2 26. Kf1 Qe5 27. Re1 a5 28. Qa4 g6 29. Qb3 Qb2 30. Rb1 Qe5 31. Re1 Qb2 32. Rb1 Qe5 33. Re1 Qb2 1/2-1/2

[Event "GRE-ch U18 Girls 22nd"]
[Site "Rethymno"]
[Date "2020.01.04"]
[Round "4"]
[White "Ergazaki, Eirini"]
[Black "Christodoulou, Georgia"]
[Result "1-0"]
[WhiteElo "1464"]
[BlackElo "1206"]
[PlyCount "137"]
[EventDate "2020.01.02"]
[EventType "swiss"]
[EventRounds "9"]
[EventCountry "GRE"]
[SourceTitle "EXT 2021"]
[Source "ChessBase"]
[SourceDate "2020.10.23"]
[SourceVersion "1"]
[SourceVersionDate "2020.10.23"]
[SourceQuality "1"]

1. e4 e6 2. d4 d5 3. Nc3 Nf6 4. Bg5 Be7 5. e5 Nfd7 6. Bxe7 Qxe7 7. f4 a6 8. Nf3 c5 9. dxc5 Nc6 10. Bd3 Nxc5 11. 0-0 h6 12. Ne2 b5 13. Nfd4 Nxd4 14. Nxd4 Nxd3 15. Qxd3 Qc5 16. Kh1 Qc4 17. Rf2 Bd7 18. b3 Qxd3 19. cxd3 Rc8 20. Rff1 Rc3 21. Rfd1 Ke7 22. Rac1 Rhc8 23. Rxc3 Rxc3 24. Kg1 f6 25. Kf2 Be8 26. Ke3 Bh5 27. Rd2 g5 28. g3 Rc1 29. Rc2 Rxc2 30. Nxc2 fxe5 31. fxe5 Kd7 32. Kd4 Kc6 33. Kc3 Kb6 34. Nd4 Bg4 35. b4 Bh3 36. Nb3 Bf5 37. Nc5 Bg4 38. Kd4 a5 39. a3 axb4 40. axb4 Kc6 41. h4 Kc7 42. hxg5 hxg5 43. Nb3 Kc6 44. Ke3 Kc7 45. Nd4 Kb6 46. Nf3 Kc7 47. Nxg5 Kd7 48. Nf3 Kc7 49. Nd4 Kb6 50. Kf4 Bh3 51. g4 Bf1 52. g5 Bxd3 53. Nxe6 Kc6 54. Nd4+ Kd7 55. Nf5 Ke6 56. Nd4+ Ke7 57. Nf3 Kf7 58. Nh4 Be4 59. Nf3 Kg6 60. Nd4 Bd3 61. e6 Kg7 62. Ke5 Bc4 63. Kd6 Bd3 64. e7 Bg6 65. Kd7 Bf7 66. e8Q Bxe8+ 67. Kxe8 Kg6 68. Ne6 Kf5 69. Kd7 1-0

[Event "Heraklion op 27th"]
[Site "Heraklion"]
[Date "2019.09.10"]
[Round "9"]
[White "Ergazaki, Eirini"]
[Black "Xirouhakis, Emmanouil"]
[Result "1-0"]
[WhiteElo "1336"]
[BlackElo "1574"]
[PlyCount "81"]
[EventDate "2019.09.03"]
[EventType "swiss"]
[EventRounds "9"]
[EventCountry "GRE"]
[SourceTitle "EXT 2020"]
[Source "ChessBase"]
[SourceDate "2019.10.17"]
[SourceVersion "1"]
[SourceVersionDate "2019.10.17"]
[SourceQuality "1"]

1. e4 c5 2. Nf3 d6 3. d4 cxd4 4. Nxd4 Nf6 5. Nc3 a6 6. f3 e5 7. Nb3 Be6 8. Be3 Nbd7 9. Qd2 Be7 10. g4 Rc8 11. 0-0-0 b5 12. g5 Nh5 13. Nd5 Bxd5 14. exd5 Nb6 15. Na5 Nxd5 16. Qxd5 Qxa5 17. Bh3 Rc4 18. Bg4 0-0 19. Bxh5 Qxa2 20. Bg4 Qa1+ 21. Kd2 Qxb2 22. Ke2 Rxc2+ 23. Rd2 b4 24. Bf5 Rxd2+ 25. Qxd2 Qxd2+ 26. Bxd2 d5 27. Ra1 b3 28. Rxa6 Bc5 29. Ra5 Bd4 30. Rxd5 g6 31. Bb1 Ra8 32. Rb5 b2 33. Be3 Bc3 34. Rb3 Ra1 35. Be4 Re1+ 36. Kf2 Rh1 37. Rxc3 b1Q 38. Bxb1 Rxb1 39. Rc5 Rb2+ 40. Kg3 Re2 41. Rxe5 1-0

[Event "Heraklion op 27th"]
[Site "Heraklion"]
[Date "2019.09.06"]
[Round "5"]
[White "Ergazaki, Eirini"]
[Black "Lithoxoos, Theodoros"]
[Result "0-1"]
[WhiteElo "1336"]
[BlackElo "1685"]
[PlyCount "60"]
[EventDate "2019.09.03"]
[EventType "swiss"]
[EventRounds "9"]
[EventCountry "GRE"]
[SourceTitle "EXT 2020"]
[Source "ChessBase"]
[SourceDate "2019.10.17"]
[SourceVersion "1"]
[SourceVersionDate "2019.10.17"]
[SourceQuality "1"]

1. e4 c5 2. Nf3 d6 3. d4 cxd4 4. Nxd4 Nf6 5. Nc3 a6 6. f3 e5 7. Nb3 Be6 8. Be3 b5 9. Qd2 Be7 10. g4 Nbd7 11. 0-0-0 0-0 12. h4 Nb6 13. Kb1 Nc4 14. Bxc4 bxc4 15. Nc1 Rb8 16. Nd5 Bxd5 17. exd5 Rb5 18. Ne2 Qb8 19. b3 cxb3 20. cxb3 Nxd5 21. Bg5 f6 22. Be3 a5 23. Nc1 Rc8 24. Rdg1 a4 25. Ka1 Nb4 26. Kb1 axb3 27. axb3 Nc2 28. Kb2 Qa8 29. Nd3 Rxb3+ 30. Kxb3 Qa3# 0-1

[Event "Heraklion op 27th"]
[Site "Heraklion"]
[Date "2019.09.04"]
[Round "3"]
[White "Ergazaki, Eirini"]
[Black "Farsaris, Michail"]
[Result "1-0"]
[WhiteElo "1336"]
[BlackElo "1273"]
[PlyCount "103"]
[EventDate "2019.09.03"]
[EventType "swiss"]
[EventRounds "9"]
[EventCountry "GRE"]
[SourceTitle "EXT 2020"]
[Source "ChessBase"]
[SourceDate "2019.10.17"]
[SourceVersion "1"]
[SourceVersionDate "2019.10.17"]
[SourceQuality "1"]

1. e4 e5 2. Nf3 Nc6 3. d4 exd4 4. Bc4 h6 5. Nxd4 Nxd4 6. Qxd4 Qf6 7. e5 Qg6 8. Qf4 Bc5 9. 0-0 Ne7 10. Nc3 0-0 11. Bd3 Qe6 12. Na4 Bb6 13. Nxb6 axb6 14. Bc4 Qg6 15. Bd3 Qe6 16. Qe4 Qg6 17. Re1 Qxe4 18. Rxe4 Nc6 19. Bd2 Re8 20. Bc3 d6 21. exd6 Rxe4 22. Bxe4 cxd6 23. a3 Be6 24. Rd1 Rd8 25. Bd5 b5 26. f3 Kf8 27. Kf2 Bf5 28. Rd2 Rd7 29. Be4 Be6 30. Bd3 Bc4 31. Be4 f6 32. b3 Be6 33. Bd3 b4 34. axb4 d5 35. b5 Ne5 36. Be2 Kf7 37. Kg3 Rc7 38. Ba5 Rd7 39. f4 Ng6 40. c4 dxc4 41. Rxd7+ Bxd7 42. bxc4 Ne7 43. Bf3 Bc8 44. Kf2 Nf5 45. Bd5+ Ke8 46. Bb6 Nd6 47. Bc5 Ke7 48. Ke3 Be6 49. Bxd6+ Kxd6 50. Bxe6 Kxe6 51. Kd4 b6 52. c5 1-0

[Event "GRE-ch U14 Girls"]
[Site "Patras"]
[Date "2019.06.27"]
[Round "4.3"]
[White "Kiousi, Panagiota"]
[Black "Ergazaki, Eirini"]
[Result "1-0"]
[WhiteElo "1870"]
[BlackElo "1386"]
[PlyCount "69"]
[EventDate "2019.06.25"]
[EventType "swiss"]
[EventRounds "9"]
[EventCountry "GRE"]
[SourceTitle "EXT 2020"]
[Source "ChessBase"]
[SourceDate "2019.10.17"]
[SourceVersion "1"]
[SourceVersionDate "2019.10.17"]
[SourceQuality "1"]
[WhiteTeam "Greece"]
[BlackTeam "Greece"]
[WhiteTeamCountry "GRE"]
[BlackTeamCountry "GRE"]

1. d4 Nf6 2. c4 e6 3. Nf3 d5 4. g3 Nbd7 5. Bg2 Be7 6. 0-0 0-0 7. Qc2 b6 8. Rd1 Bb7 9. Nc3 c5 10. cxd5 Nxd5 11. Nxd5 Bxd5 12. dxc5 Rc8 13. e4 Rxc5 14. Qd3 Bc6 15. Be3 Bb5 16. Qd2 Rc7 17. Nd4 Ba6 18. Nc6 Rxc6 19. Qxd7 Rc7 20. Qa4 Qc8 21. Rac1 Rc4 22. Rxc4 Qxc4 23. Qd7 Qe2 24. Bf1 Qf3 25. Bxa6 Bf6 26. Qd3 Bxb2 27. Qe2 Qxe2 28. Bxe2 Be5 29. Rd7 Bb8 30. Bg5 Rc8 31. Ba6 Rf8 32. Be7 Re8 33. Bb5 h6 34. Rxa7 Bxa7 35. Bxe8 1-0